| 000 | 00708cam a2200193 4500 | ||
|---|---|---|---|
| 001 | WB3707-23 | ||
| 008 | 000000n2001 000 0 eng u | ||
| 035 | _a(Sirsi) u110885 | ||
| 245 | _aRDA special report | ||
| 260 | _c2001 | ||
| 490 |
_aWestern Morning News _v 8 February 2001, 6-9(4) LOAN |
||
| 520 | _aFeature on the South West Regional Development Agency. Examines the critical verdict by the Westcountry business community and the performance ot the SWRDA in two key projects; the Met Office relocation and the Plymouth power station. | ||
| 590 | _aWB | ||
| 650 | _aREGIONAL DEVELOPMENT AGENCIES | ||
| 650 | _aSURVEY | ||
| 650 | _aSPECIAL REPORTS | ||
| 690 | _aLOCAL GOVERNMENT | ||
| 942 | _n0 | ||
| 999 |
_c66101 _d66101 |
||